Zvyšovanie konkurencieschopnosti vybraného podniku s využitím nástrojov marketingového mixu diplomová práca

Gespeichert in:
Bibliographische Detailangaben
1. Verfasser: Glonek, Matej
Körperschaft: Obchodná fakulta EU. Katedra marketingu
Weitere Verfasser: Orgonáš, Jozef, 1957-
Format: Buch
Sprache:Slowakisch
Veröffentlicht: Bratislava 2024
Tags: Tag hinzufügen
Keine Tags, Fügen Sie das erste Tag hinzu!

MARC

LEADER 00000nbm a2200000 4500
001 0302075
005 20241206151545.9
041 0 |a slo 
044 |a SK 
245 1 0 |a Zvyšovanie konkurencieschopnosti vybraného podniku s využitím nástrojov marketingového mixu  |b diplomová práca  |c Matej Glonek ; školiteľ: Jozef Orgonáš 
264 1 |a Bratislava  |c 2024 
300 |a 66 s. 
100 1 |a Glonek, Matej 
700 1 |a Orgonáš, Jozef, 1957- 
710 2 |a Obchodná fakulta EU. Katedra marketingu